00737nam a2200193 a 450000100100000000500170001000800410002702000150006804000250008310000450010824500730015326000270022630000320025349000400028571000490032583000470037495201050042199900170052600004175020201002035731.0131119s1981 sp a 000 0 spa d a8400049373 aDO-SdBNPbspacBNPHU1 aBlázquez, José Maríad1926-96860010aMosaicos romanos de Córdoba, Jaén y Málaga /cJ.M. Blázquez. aMadrid :bCSIC,c1981. a75 p. (95 lám.) ;c28 cm.1 aCorpus de mosaicos de España ;v32 aInstituto Español de Arqueología,968601 0aCorpus de mosaicos de España ;v3968602 001050718MOaGRbGRcCTd2013-10-16iLF1l0o p41750-10r2020-06-25w2020-06-25y1ZNo se presta c41239d41239